000 00689nam a2200265Ia 4500
005 20260121170018.0
008 008 260114s9999 xx 000 0 eng d
020 _a9783319032368
037 _aEBOOK
040 _aCRL
040 _beng
040 _cCRL
041 _2eng
041 _aeng
084 _qCRL
100 _aXiaoshi Wang
_91058717
245 2 _aA Novel Heme-Thiolate Peroxygenase AaeAPO and Its Implications for C-H Activation Chemistry
260 _bSpringer
260 _bSpringer
260 _c2016
856 _uhttps://link.springer.com/openurl?genre=book&isbn=978-3-319-03236-8
942 _cEBOOK
999 _c1624446
_d1624446